|
|
|
|
| LEADER |
00717cam a2200193 7i4500 |
| 001 |
0000026981 |
| 005 |
20111028090000.0 |
| 020 |
0 |
0 |
|a 9679933598
|
| 090 |
0 |
0 |
|a M 352.630
|b ABD
|
| 100 |
1 |
0 |
|a Abdul Halim Ali
|
| 245 |
1 |
0 |
|a Ke arah kecemerlangan dan kesejahteraan perkhidmatan awam di alaf baru =
|l towards an excellent and caring public services for the next millennium.
|
| 260 |
0 |
0 |
|a Kuala Lumpur:
|b Institut Tadbiran Awam Negara,
|c 1999.
|
| 300 |
# |
# |
|a 251p.
|
| 650 |
0 |
0 |
|a Information technology --
|z Malaysia
|
| 650 |
0 |
0 |
|a Civil service --
|z Malaysia
|
| 650 |
0 |
0 |
|a ISO 9000 series standards
|
| 650 |
0 |
0 |
|a Quality assurance --
|z Malaysia
|
| 651 |
0 |
0 |
|a Malaysia
|
| 999 |
|
|
|a 0000028751
|b Book
|c Malaysia
|e Business Information Centre
|